000 01524nam a2200325 a 4500
001 BRCA_4987
005 20190320204905.0
008 281010m17681805sp-######v---#000-0#spa-#
041 _aspa
044 _asp
084 _aDOC83
_b.C37
_c1768
245 1 0 _aDocumento firmado por el [Rey Carlos IV]
_cCarlos IV y Don Manuel de la Borda
260 _aEl Pardo, España
_c1768-1805
300 _a[12] fojas
_c31 x 21 cm
500 _aDocumento firmado el 11 de marzo de 1768 en El Pardo
500 _aSe dan amplias facultades a Don Manuel de la Borda para la explotación de la Mina La Quebradilla Zacatecas por ser la persona más inteligente y conocedora de trabajos mineros
500 _aEl documento tiene la leyenda DOC. #243
500 _aAl margen sello con escudo español de Carlos IV y leyenda: SELLO SEGUNDO DOCE REALES. AÑOS DE MIL OCHOCIENTOS QUATRO Y OCHOCIENTOS CINCO
500 _a[Real cédula] firmada como ´Yo el Rey´
500 _aPapel con marca de agua
506 0 _aFondo reservado: para su consulta es necesario credencial de usuario y carta de motivos
546 _aTexto en: español de mediados del siglo XVIII
600 1 4 _aCarlos
_bIV
_cRey de España
_d1748-1819
_912699
650 1 4 _aMinería
_vManuscrito
_xHistoria
_yColonia, 1521-1821
_zMéxico
_912700
651 4 _aMéxico
_vManuscrito
_xHistoria
_yColonia, 1521-1821
_912701
651 4 _aEspaña
_vManuscrito
_xHistoria
_yCasa de Borbón, 1700
_912702
700 1 _aBorda, Manuel de la
_912703
902 _aFDH
942 _2lcc
_cD
999 _c4681
_d4681